The 5 AM Club (Record no. 38143)

MARC details
000 -LEADER
fixed length control field 02742nam a22001697a 4500
020 ## - INTERNATIONAL STANDARD BOOK NUMBER
ISBN 978-8119792580
082 ## - DEWEY DECIMAL CLASSIFICATION NUMBER
Classification number 823 ROB
100 ## - MAIN ENTRY--AUTHOR NAME
Personal name Robin Sharma
245 ## - TITLE STATEMENT
Title The 5 AM Club
250 ## - EDITION STATEMENT
Edition statement 1
260 ## - PUBLICATION, DISTRIBUTION, ETC. (IMPRINT)
Name of publisher Jaico Publishing House
Place of publication New Delhi
Year of publication 2025
300 ## - PHYSICAL DESCRIPTION
Number of Pages Hardcover ‏ : ‎ 336 pages
Other physical details Item Weight ‏ : ‎ 312 g Dimensions ‏ : ‎ 22 x 14 x 2 cm
520 ## - SUMMARY, ETC.
Summary, etc Legendary leadership and elite performance expert Robin Sharma introduced The 5 AM Club concept over twenty years ago, based on a revolutionary morning routine that has helped his clients maximize their productivity, activate their best health and bulletproof their serenity in this age of overwhelming complexity.<br/><br/>Now, in this life-changing book, handcrafted by the author over a rigorous four year period, you will discover the early-rising habit that has helped so many accomplish epic results while upgrading their happiness, helpfulness and feelings of aliveness.<br/><br/>Through an enchanting—and often amusing—story about two struggling strangers who meet an eccentric tycoon who becomes their secret mentor, The 5 am Club will walk you through:<br/><br/>• How great geniuses, business titans and the world’s wisest people start their mornings to produce astonishing achievements<br/>• A little-known formula you can use instantly to wake up early feeling inspired, focused and flooded with a fiery drive to get the most out of each day<br/>• A step-by-step method to protect the quietest hours of daybreak so you have time for exercise, self-renewal and personal growth<br/>• A neuroscience-based practice proven to help make it easy to rise while most people are sleeping, giving you precious time for yourself to think, express your creativity and begin the day peacefully instead of being rushed<br/>• “Insider-only” tactics to defend your gifts, talents and dreams against digital distraction and trivial diversions so you enjoy fortune, influence and a magnificent impact on the world<br/><br/>The 5 am Club is the trailblazing—and astonishing—story of two everyday human beings seeking greater productivity, prosperity and serenity in this age of digital distraction and overwhelming complexity who meet a most weird and wonderful tycoon.<br/><br/>The quirky yet brilliant billionaire takes them on a marvelous voyage across the world that dra-matically upgrades their businesses, rewires their effectiveness and awakens their happiness, along with their sense of personal freedom.<br/><br/>Part manifesto for mastery, part playbook for genius-grade productivity and part companion for a life lived beautifully, The 5 am Club is a work that will transform your life. Forever.
546 ## - LANGUAGE NOTE
Language note Language ‏ : ‎ English
942 ## - ADDED ENTRY ELEMENTS (KOHA)
Koha item type Text Book
952 ## - LOCATION AND ITEM INFORMATION (KOHA)
Damaged status
Not for loan
Holdings
Withdrawn status Collection code Permanent Location Current Location Date acquired Source of acquisition Cost, normal purchase price Inventory number Full call number Accession Number Price effective from Koha item type
  GENERAL VAST Central Library VAST Central Library 28/11/2025 Minerva Books 399.00 90 823 ROB 38290 22/12/2025 Text Book